000 00639nam a2200181 i 4500
001 48195
003 ES-MaACL
005 20230906161718.0
007 t|
008 950706s1868 fr ||||1| fre d
080 _a016:094
100 1 _aChataigneraye, Marquis de la.
_938174
245 1 0 _aCatalogue des livres anciens et modernes, rares et curieux :
_bcomposant la bibliotheque de feu M. le Marquis de la Chataigneraye, prince de Ponts.
260 _aParis :
_ba la librairie J.-Léon Techener fils,
_c1868.
300 _a[2], 74, [1] p. ;
_c24 cm.
650 4 _aLibros raros-
_vBibliografĂ­as.
_9136416
852 4 _aES-MaACL
_jT-95-F-10
999 _c48195
_d48195